| Tag |
First Indicator |
Second Indicator |
Subfields |
| LEADER |
00000cam a2200000 a 4500 |
| 001 |
in00001246921 |
| 005 |
20151003083308.0 |
| 008 |
950410s1995 flua b 001 0 eng |
| 010 |
|
|
|a 95016807
|
| 020 |
|
|
|a 0849394252 (alk. paper)
|
| 035 |
|
|
|a (OCoLC)32430436
|
| 035 |
|
|
|9 AGU7741AM
|
| 040 |
|
|
|a DLC
|c DLC
|d TXA
|d UtOrBLW
|
| 041 |
1 |
|
|a eng
|h rus
|
| 049 |
|
|
|a TXAM
|
| 050 |
0 |
0 |
|a QA278
|b .D4413 1995
|
| 082 |
0 |
0 |
|a 530.1/5
|2 20
|
| 100 |
1 |
|
|a Dezin, A. A.
|q (Alekseĭ Alekseevich)
|
| 240 |
1 |
0 |
|a Mnogomernyĭ analiz i diskretnye modeli.
|l English
|
| 245 |
1 |
0 |
|a Multidimensional analysis and discrete models /
|c Aleksei A. Dezin ; translated from the Russian by Irene Aleksanova.
|
| 264 |
|
1 |
|a Boca Raton :
|b CRC Press,
|c [1995]
|
| 264 |
|
4 |
|c ©1995
|
| 300 |
|
|
|a 244 pages :
|b illustrations ;
|c 25 cm.
|
| 336 |
|
|
|a text
|b txt
|2 rdacontent
|
| 337 |
|
|
|a unmediated
|b n
|2 rdamedia
|
| 338 |
|
|
|a volume
|b nc
|2 rdacarrier
|
| 504 |
|
|
|a Includes bibliographical references (pages 235-240) and index.
|
| 650 |
|
0 |
|a Multivariate analysis.
|
| 650 |
|
0 |
|a Mathematical models.
|
| 999 |
|
|
|a MARS
|
| 999 |
f |
f |
|s f29809fd-3778-3689-bf88-8a06e1141fb7
|i f42fafc8-475f-3b12-b284-652ee8637844
|t 0
|
| 952 |
f |
f |
|p normal
|a Texas A&M University
|b College Station
|c Sterling C. Evans Library
|d Evans: Library Stacks
|t 0
|e QA278 .D4413 1995
|h Library of Congress classification
|i unmediated -- volume
|m A14819323674
|
| 998 |
f |
f |
|a QA278 .D4413 1995
|t 0
|l Evans: Library Stacks
|